Modele tramwajów w Krakowie - Statystyki

Ogólne statystyki
  • Ten quiz został rozwiązany 14 razy
  • Średni wynik to 5 z 14
Statystyki odpowiedzi
Obrazkowy Odpowiedź % Poprawnych
Pesa Twist 2014N
70%
Konstal 105Na
60%
Bombardier NGT6 (seria I-II)
50%
Bombardier NGT8
50%
Rotax/SGP E1
50%
Bombardier NGT6-2 (seria III)
40%
Nevag Nevelo 126N
40%
Rotax EU8N
40%
Stadler Tango
40%
Düwag GT8N
30%
Protram 405N
30%
Man/Düwag N8S-NF
10%
Man/Düwag N8C-NF
0%
Man/Düwag N8C-NFj
0%
Nie znaleziono quizów pasujących do podanych kryteriów
Rozkład punktacji
Procent ludzi z każdym wynikiem
Percentyl według liczby udzielonych odpowiedzi
Twoja historia wyników
Nie rozwiązałeś tego quizu